[Event "Oberliga Wuerttemberg 1920"]
[Site "Wuerttemberg"]
[Date "2019.11.10"]
[Round "3.5"]
[White "Romer, Ulrich"]
[Black "Auch, Stefan"]
[Result "1-0"]
[WhiteElo "2167"]
[BlackElo "2013"]
[PlyCount "71"]
[EventDate "2019.09.15"]
[EventType "team-tourn"]
[EventRounds "9"]
[EventCountry "GER"]
[SourceTitle "EXT 2021"]
[Source "ChessBase"]
[SourceDate "2020.10.23"]
[SourceVersion "1"]
[SourceVersionDate "2020.10.23"]
[SourceQuality "1"]
[WhiteTeam "Jedesheim"]
[BlackTeam "Nuertingen"]
[WhiteTeamCountry "GER"]
[BlackTeamCountry "GER"]

1. d4 d5 2. Nf3 Nf6 3. e3 e6 4. c4 c6 5. Nc3 Nbd7 6. Qc2 Be7 7. b3 b6 8. Bb2 Bb7 9. Bd3 c5 10. Qe2 h6 11. 0-0 0-0 12. Rad1 Qc7 13. Ne5 Nxe5 14. dxe5 Ne4 15. Bxe4 dxe4 16. Qg4 Qc6 17. Nb5 a6 18. Nd6 Rad8 19. Rd2 Ba8 20. a4 a5 21. Rfd1 Bb7 22. h4 Ba8 23. Bc3 Bb7 24. Kf1 Ba8 25. Ke2 Rd7 26. Rh1 Rfd8 27. Rh3 Bf8 28. Rg3 Kh7 29. Nxf7 Rxd2+ 30. Bxd2 Rd7 31. Qg6+ Kg8 32. Nxh6+ Kh8 33. Nf7+ Kg8 34. Ng5 Rxd2+ 35. Kxd2 Qd7+ 36. Ke1 1-0